|
|
|
|
| LEADER |
00000cam a2200000 7i4500 |
| 001 |
0000031325 |
| 005 |
20260504.0 |
| 008 |
260504s2024 my # xl f0 k may## |
| 020 |
|
|
|a 9789678929592 (
|q paperback) ,
|c RM 21.30
|
| 040 |
|
|
|a BNM
|b eng
|d INS
|e rda
|
| 090 |
0 |
0 |
|a KPG662
|b .M35 2024
|
| 110 |
1 |
|
|a Malaysia,
|e jurisdiction governed.
|
| 245 |
1 |
0 |
|a UNIFORM BUILDING BY-LAWS 1984[G.G.5178/84] :
|b (AS AT 10TH JANUARY 2024)
|c Compiled by:Legal Research Board.
|
| 264 |
|
1 |
|a Petaling Jaya, Selangor :
|b International Law Book Services
|c 2024
|
| 300 |
|
|
|a 202 pages ;
|c 24 cm.
|
| 336 |
|
|
|a text
|2 rdacontent
|
| 337 |
|
|
|a unmediated
|2 rdamedia
|
| 338 |
|
|
|a volume
|2 rdacarrier
|
| 490 |
1 |
|
|a LAWS OF MALAYSIA
|
| 650 |
1 |
0 |
|a Building laws
|z Malaysia
|
| 710 |
2 |
|
|a Lembaga Penyelidikan Undang-Undang,
|e editor.
|
| 830 |
|
0 |
|a Laws of Malaysia
|
| 999 |
|
|
|a 1000004975
|b BOOK
|c Acts
|e Default branch
|
| 999 |
|
|
|a 1000004976
|b BOOK
|c Acts
|e Default branch
|